| 000 | 00773 a2200229 4500 | ||
|---|---|---|---|
| 005 | 20250618092754.0 | ||
| 020 | _a9781485106128 | ||
| 050 | 0 | 0 |
_ak 94 _bBLE 2015 |
| 100 |
_aBlerk, Peter Van _eauthor |
||
| 245 | 0 | 0 |
_aLegal drafting : _cPeter Van Blerk _bCivil Proceedings / |
| 250 | _asecond | ||
| 264 |
_aCape Town : _bJuta, _c2015 |
||
| 300 |
_a171 pages _billustrations |
||
| 336 |
_2rdacontent _aunmediated _bn |
||
| 337 |
_2rdamedia _aunmediated _bn |
||
| 338 |
_2rdacarrier _avolume _bnc |
||
| 500 | _aAccompanied by: Teacher's manual (xiv, 172 p. ; 28 cm.). | ||
| 504 | _aIncludes bibliographical references and index. | ||
| 650 | 0 | _aLegal composition. | |
| 942 |
_2lcc _cBK _esecond _h94 _iBLE _kK |
||
| 999 |
_c11593 _d11593 |
||